| 000 | 00383nam a22001217a 4500 | ||
|---|---|---|---|
| 008 | 230605b xxu||||| |||| 00| 0 eng d | ||
| 082 |
_a325.2109 _bTAB |
||
| 110 | _d2005 | ||
| 245 |
_aThe Moment of Truth? : _bFive Cuban Political Prisoners: The Chase for a Fair Trial _cNational Assembly of People's Power |
||
| 260 |
_aCuba _bEditorial Imagenes _c2005 |
||
| 300 | _a78 p | ||
| 942 |
_2ddc _cBK |
||
| 999 |
_c328 _d328 |
||